[Event "Wch Blitz 8th"]
[Site "Dubai"]
[Date "2014.06.20"]
[Round "14"]
[White "Al Sayed, Mohammed"]
[Black "Suhail, Abdurahim"]
[Result "1-0"]
[WhiteElo "2505"]
[BlackElo "2239"]
[PlyCount "44"]
[EventDate "2014.06.19"]
[EventType "swiss (blitz)"]
[EventRounds "21"]
[EventCountry "UAE"]
[SourceTitle "CBM 160 Extra"]
[Source "ChessBase"]
[SourceDate "2014.07.01"]
[SourceVersion "1"]
[SourceVersionDate "2014.07.01"]
[SourceQuality "1"]

1. d4 c5 2. d5 e5 3. c4 d6 4. Nc3 f5 5. e4 Nf6 6. exf5 Bxf5 7. Nge2 Be7 8. Ng3 Bg6 9. h4 h6 10. Bd3 Bxd3 11. Qxd3 0-0 12. Bxh6 e4 13. Qd2 gxh6 14. Qxh6 Nh7 15. Ncxe4 Nd7 16. Nh5 Rf7 17. Rh3 Ne5 18. Rg3+ Kh8 19. Rg7 Qg8 20. Rxg8+ Rxg8 21. Nxd6 Nd3+ 22. Kd2 Rxf2+ 1-0

[Event "Wch Blitz 8th"]
[Site "Dubai"]
[Date "2014.06.19"]
[Round "7"]
[White "Aleksandrov, Aleksej"]
[Black "Suhail, Abdurahim"]
[Result "1-0"]
[WhiteElo "2554"]
[BlackElo "2239"]
[PlyCount "55"]
[EventDate "2014.06.19"]
[EventType "swiss (blitz)"]
[EventRounds "21"]
[EventCountry "UAE"]
[SourceTitle "CBM 160 Extra"]
[Source "ChessBase"]
[SourceDate "2014.07.01"]
[SourceVersion "1"]
[SourceVersionDate "2014.07.01"]
[SourceQuality "1"]

1. d4 c5 2. d5 e5 3. e4 d6 4. Nc3 Nf6 5. h3 g6 6. Nf3 a6 7. a4 Bg7 8. g3 0-0 9. Bg2 Nh5 10. 0-0 b6 11. Nd2 f5 12. exf5 Bxf5 13. Nc4 Bc8 14. Be3 Ra7 15. Qd2 Raf7 16. Ne4 Nf4 17. Ncxd6 Bxh3 18. Nxf7 Rxf7 19. Bxf4 Bxg2 20. Bg5 Qd7 21. Kxg2 Qg4 22. f3 Qd7 23. Bh6 Bh8 24. Rad1 Qxa4 25. b3 Qd7 26. c4 Qe7 27. d6 Qd7 28. Qd5 1-0

[Event "Wch Blitz 8th"]
[Site "Dubai"]
[Date "2014.06.19"]
[Round "9"]
[White "Suhail, Abdurahim"]
[Black "Fier, Alexandr"]
[Result "0-1"]
[WhiteElo "2239"]
[BlackElo "2580"]
[PlyCount "106"]
[EventDate "2014.06.19"]
[EventType "swiss (blitz)"]
[EventRounds "21"]
[EventCountry "UAE"]
[SourceTitle "CBM 160 Extra"]
[Source "ChessBase"]
[SourceDate "2014.07.01"]
[SourceVersion "1"]
[SourceVersionDate "2014.07.01"]
[SourceQuality "1"]

1. Nc3 Nf6 2. e4 d5 3. e5 Nfd7 4. d4 Nc6 5. f4 Nb6 6. Nf3 Bg4 7. Be2 e6 8. 0-0 Be7 9. h3 Bxf3 10. Bxf3 0-0 11. b3 f5 12. a4 Nb4 13. Ne2 c5 14. Kh2 Nc6 15. c3 Rc8 16. a5 Nd7 17. a6 b5 18. Be3 cxd4 19. Bxd4 Nc5 20. Bxc5 Bxc5 21. Nd4 Bxd4 22. cxd4 Qb6 23. Qd3 Nxd4 24. Rfd1 Nxf3+ 25. Qxf3 Rc2 26. b4 Rfc8 27. Ra3 Qf2 28. Qxf2 Rxf2 29. Ra5 Rb8 30. Kg3 Rc2 31. Rd3 Rc4 32. Rb3 Kf7 33. Kf3 Ke7 34. g4 g6 35. gxf5 gxf5 36. Kg3 Kd7 37. Ra1 Kc6 38. Rf3 Rg8+ 39. Kh4 Rxb4 40. Rc1+ Rc4 41. Ra1 d4 42. Rb1 Rc3 43. Rf2 Rc5 44. Rd1 Kd5 45. Rfd2 Rc4 46. Rb1 b4 47. Ra2 d3 48. Ra5+ Kd4 49. Rb5 d2 50. Rb7 Kc3 51. Rxa7 Rxf4+ 52. Kh5 Kc2 53. Ra1 d1Q+ 0-1

[Event "Asia Cities-ch 15th"]
[Site "Tehran"]
[Date "2007.03.05"]
[Round "5.5"]
[White "Amer, Karim"]
[Black "Suhail, Abdurahim"]
[Result "1-0"]
[WhiteElo "2288"]
[BlackElo "2268"]
[PlyCount "85"]
[EventDate "2007.03.02"]
[EventType "team-swiss"]
[EventRounds "9"]
[EventCountry "IRI"]
[SourceTitle "EXT 2020"]
[Source "ChessBase"]
[SourceDate "2019.10.17"]
[SourceVersion "1"]
[SourceVersionDate "2019.10.17"]
[SourceQuality "1"]
[WhiteTeam "Lahore"]
[BlackTeam "Dubai"]
[WhiteTeamCountry "PAK"]
[BlackTeamCountry "UAE"]

1. c4 Nf6 2. Nc3 c5 3. Nf3 g6 4. d4 cxd4 5. Nxd4 d6 6. e4 Bg7 7. Be2 0-0 8. 0-0 Nc6 9. Be3 Bd7 10. f3 Nxd4 11. Bxd4 Bc6 12. Rc1 Nd7 13. Bxg7 Kxg7 14. Qd4+ f6 15. Rfd1 Qa5 16. a3 Qc5 17. Qxc5 dxc5 18. b4 cxb4 19. axb4 Nb6 20. b5 Be8 21. c5 Nd7 22. Nd5 Rc8 23. c6 bxc6 24. Rxc6 Rb8 25. Rc7 Nb6 26. Nxe7 Rf7 27. Rxa7 Kf8 28. Nc6 Rxa7 29. Nxa7 Ra8 30. Nc6 Ra2 31. Kf1 Bxc6 32. Rd6 Rc2 33. Rxf6+ Ke7 34. Rxc6 Rxc6 35. bxc6 Kd6 36. Kf2 Kxc6 37. Ke3 Kd6 38. Kd4 g5 39. g3 Nd7 40. f4 gxf4 41. gxf4 Ke7 42. e5 Nf8 43. f5 1-0

[Event "Asia Cities-ch 15th"]
[Site "Tehran"]
[Date "2007.03.04"]
[Round "4.4"]
[White "Suhail, Abdurahim"]
[Black "Kolin, Shahin"]
[Result "1/2-1/2"]
[WhiteElo "2268"]
[BlackElo "2173"]
[PlyCount "52"]
[EventDate "2007.03.02"]
[EventType "team-swiss"]
[EventRounds "9"]
[EventCountry "IRI"]
[SourceTitle "EXT 2020"]
[Source "ChessBase"]
[SourceDate "2019.10.17"]
[SourceVersion "1"]
[SourceVersionDate "2019.10.17"]
[SourceQuality "1"]
[WhiteTeam "Dubai"]
[BlackTeam "Aleppo"]
[WhiteTeamCountry "UAE"]
[BlackTeamCountry "SYR"]

1. e4 g6 2. d4 Bg7 3. Nc3 d6 4. f4 c6 5. Nf3 Nf6 6. Bd3 0-0 7. 0-0 Bg4 8. Be3 Nbd7 9. h3 Bxf3 10. Qxf3 e5 11. dxe5 dxe5 12. f5 Nh5 13. Rad1 Nf4 14. Bc4 Qc7 15. g3 Nh5 16. fxg6 hxg6 17. Bxf7+ Kh8 18. Qg2 Kh7 19. Kh2 Nhf6 20. Bc4 b6 21. Ne2 Rfe8 22. Bg5 b5 23. Bb3 a5 24. a4 Rab8 25. axb5 cxb5 26. g4 a4 1/2-1/2

[Event "Asia Cities-ch 15th"]
[Site "Tehran"]
[Date "2007.03.02"]
[Round "1.7"]
[White "Alzaim, Talal"]
[Black "Suhail, Abdurahim"]
[Result "0-1"]
[WhiteElo "2261"]
[BlackElo "2268"]
[PlyCount "78"]
[EventDate "2007.03.02"]
[EventType "team-swiss"]
[EventRounds "9"]
[EventCountry "IRI"]
[SourceTitle "EXT 2020"]
[Source "ChessBase"]
[SourceDate "2019.10.17"]
[SourceVersion "1"]
[SourceVersionDate "2019.10.17"]
[SourceQuality "1"]
[WhiteTeam "Damascus"]
[BlackTeam "Dubai"]
[WhiteTeamCountry "SYR"]
[BlackTeamCountry "UAE"]

1. d4 Nf6 2. Bg5 c5 3. Bxf6 exf6 4. d5 Qb6 5. Qc1 d6 6. e3 Be7 7. Bd3 0-0 8. Nd2 Nd7 9. c4 Ne5 10. Bc2 Qa5 11. Ngf3 Nxf3+ 12. gxf3 b5 13. 0-0 Bh3 14. Rd1 b4 15. Kh1 f5 16. Rg1 Bh4 17. Rg3 Bxg3 18. hxg3 f4 19. exf4 Qd8 20. Qb1 g6 21. Kh2 Bc8 22. Kg2 Re8 23. Bd3 f5 24. Qc2 Bd7 25. Rh1 Qf6 26. Nf1 Re7 27. Ne3 Rae8 28. Qd2 Qd4 29. Rd1 a5 30. Qc2 Qf6 31. Rd2 h5 32. Nf1 h4 33. Re2 hxg3 34. fxg3 Ba4 35. b3 Rxe2+ 36. Bxe2 Qc3 37. Qd3 Qe1 38. Ne3 Bd7 39. g4 Kf7 0-1

[Event "Asia Cities-ch 12th"]
[Site "Beirut"]
[Date "2000.03.21"]
[Round "5"]
[White "Suhail, Abdurahim"]
[Black "Nashed, Mohamad Kamal"]
[Result "1/2-1/2"]
[WhiteElo "2255"]
[BlackElo "2200"]
[PlyCount "127"]
[EventDate "2000.03.19"]
[EventType "team-swiss"]
[EventRounds "9"]
[EventCountry "LBN"]
[SourceTitle "EXT 2020"]
[Source "ChessBase"]
[SourceDate "2019.10.17"]
[SourceVersion "1"]
[SourceVersionDate "2019.10.17"]
[SourceQuality "1"]
[WhiteTeam "Dubai"]
[BlackTeam "Aleppo"]
[WhiteTeamCountry "UAE"]
[BlackTeamCountry "SYR"]

1. e4 e5 2. Nf3 Nc6 3. Bc4 Be7 4. 0-0 Nf6 5. d4 d6 6. Re1 Bg4 7. c3 0-0 8. d5 Nb8 9. h3 Bh5 10. Nbd2 Nbd7 11. Bd3 Nc5 12. Bc2 a5 13. Nf1 Bg6 14. Ng3 Nfd7 15. Be3 Bh4 16. Nf5 Bxf5 17. exf5 Be7 18. Kh1 Re8 19. Qd2 Bf8 20. Bg5 Be7 21. b4 Bxg5 22. Nxg5 axb4 23. cxb4 Na4 24. Bxa4 Rxa4 25. Qd1 Rxb4 26. Qh5 Nf6 27. Qxf7+ Kh8 28. Rab1 Rxb1 29. Rxb1 b6 30. Rc1 Re7 31. Rc4 e4 32. Ra4 h6 33. Ne6 Rxf7 34. Nxd8 Rf8 35. Ne6 Rc8 36. Nf4 Kg8 37. Kg1 Kf7 38. Kf1 Ke7 39. g4 Kd7 40. Ne6 g6 41. fxg6 Nxd5 42. Rxe4 Re8 43. g7 Rg8 44. Nf8+ Kc8 45. Ne6 Kd7 46. Nf8+ Kc6 47. Rc4+ Kb5 48. Rd4 Kc6 49. Ne6 Kd7 50. Nf8+ Kc6 51. Ne6 Kd7 52. Rxd5 Kxe6 53. Rh5 Rxg7 54. Rxh6+ Ke5 55. Rh8 d5 56. Re8+ Kf4 57. Kg1 c5 58. Rf8+ Ke4 59. f4 c4 60. f5 c3 61. Rc8 d4 62. Kf2 Kd3 63. f6 Rg6 64. Rc6 1/2-1/2

[Event "Casino op 2nd"]
[Site "Velden"]
[Date "1994.??.??"]
[Round "8"]
[White "Suhail, Abdurahim"]
[Black "Mahdy, Khaled"]
[Result "1/2-1/2"]
[WhiteElo "2205"]
[BlackElo "2455"]
[PlyCount "21"]
[EventDate "1994.07.??"]
[EventType "swiss"]
[EventRounds "9"]
[EventCountry "AUT"]
[SourceTitle "TD"]
[Source "ChessBase"]
[SourceDate "1994.03.01"]
[SourceVersion "1"]
[SourceVersionDate "1994.03.01"]
[SourceQuality "1"]

1. e4 e5 2. Nc3 Nf6 3. g3 Bc5 4. Bg2 a6 5. Nge2 Nc6 6. d3 d6 7. h3 Be6 8. 0-0 Qd7 9. Kh2 h5 10. Nd5 0-0-0 11. Nxf6 1/2-1/2